000 00425nam a2200121Ia 4500
008 220615s9999||||xx |||||||||||||| ||und||
100 _aMazen Ahmad Almasri
245 3 _aAn Update of Dental Implantology and Biomaterial
546 _aEnglish[eng]
650 _aMedicine||Oral Implantology||Dentistry||Health Sciences
856 _uhttps://www.intechopen.com/books/an-update-of-dental-implantology-and-biomaterial
942 _cEB
999 _c7521
_d7521